[Event "World Junior U20 Girls 2018"]
[Site "Gebze"]
[Date "2018.09.10"]
[Round "6"]
[White "Zairbek kyzy, Begimay"]
[Black "Li, Yunshan"]
[Result "1/2-1/2"]
[WhiteElo "1770"]
[BlackElo "2060"]
[Annotator "NA"]
[PlyCount "80"]
[EventDate "2018.09.05"]
[EventType "swiss"]
[EventCountry "TUR"]
[SourceTitle "playchess.com"]
[Source "ChessBase"]
[SourceQuality "1"]
[TimeControl "40/5400+30:1800+30"]

1. e4 {[%emt 0:00:30]} c5 {[%emt 0:00:30]} 2. c3 {[%emt 0:00:30]} Nf6 {[%emt 0:00:00]} 3. e5 {[%emt 0:00:30]} Nd5 {[%emt 0:00:00]} 4. d4 {[%emt 0:01:30]} cxd4 {[%emt 0:00:30]} 5. cxd4 {[%emt 0:00:00]} e6 {[%emt 0:00:00]} 6. Nf3 {[%emt 0:03:00]} Nc6 {[%emt 0:00:00]} 7. Bc4 {[%emt 0:00:30]} d6 {[%emt 0:00:30]} 8. O-O {[%emt 0:00:30]} Be7 {[%emt 0:00:30]} 9. a3 {[%emt 0:01:30]} O-O {[%emt 0:00:30]} 10. Re1 {[%emt 0:01:30] B22: Sicilian: 2 c3} (10. Bd3 Bd7 11. Qc2 g6 12. Bh6 Re8 13. Nbd2 Rc8 14. Qd1 dxe5 15. dxe5 Qc7 16. Qe1 Red8 17. Qe4 b5 {½-½ (70) Wang,H (2734)-Yu,Y (2734) Danzhou 2016 CBM 174 [Bronznik,V]}) 10... Bd7 {[%emt 0:04:30]} 11. Nbd2 {[%emt 0:00:30]} Rc8 {[%emt 0:05:30]} 12. Bd3 {[%emt 0:02:30]} dxe5 $146 {[%emt 0:07:30]} ({Predecessor:} 12... Nf4 13. Bb1 Ng6 14. exd6 Bxd6 15. Ne4 Bf4 16. Bxf4 Nxf4 17. g3 Nd5 {0-1 (34) Goodger,M (2114)-Pritchett,C (2314) Edinburgh 2003}) 13. dxe5 {[%emt 0:00:30]} Qb6 {[%emt 0:00:30]} 14. Nc4 {[%emt 0:05:30]} Qc7 {[%emt 0:00:30]} 15. Bg5 {[%emt 0:04:30]} Bxg5 {[%emt 0:03:30]} 16. Bxh7+ {[%emt 0:10:30]} Kh8 {[%emt 0:32:30]} 17. Nxg5 {[%emt 0:01:30]} g6 {[%emt 0:00:30]} 18. Nd6 {[%emt 0:09:30]} (18. h4 $18 {and White stays clearly on top.}) 18... Kg7 {[%emt 0:04:30]} 19. Rc1 {[%emt 0:11:30]} Qd8 {[%emt 0:08:30]} 20. h4 {[%emt 0:01:30]} Rc7 {[%emt 0:02:30]} 21. Rxc6 $2 {[%emt 0:06:30]} (21. Qd2 $18) 21... Rxc6 {[%emt 0:06:30]} 22. Nde4 {[%emt 0:10:30]} Rh8 {[%emt 0:08:57]} 23. Qf3 {[%emt 0:02:30]} Qe7 $17 {[%emt 0:02:56]} 24. Rd1 {[%emt 0:13:16]} Rxh7 {[%emt 0:08:01]} 25. Nxh7 {[%emt 0:01:16]} Kxh7 {[%emt 0:00:16]} 26. Nf6+ {[%emt 0:00:04]} Kg7 {[%emt 0:01:38]} 27. h5 {[%emt 0:00:25]} Rc8 {[%emt 0:00:23]} 28. h6+ {[%emt 0:01:01]} Kh8 {[%emt 0:00:07]} 29. Nxd7 {[%emt 0:00:35]} Rd8 {[%emt 0:01:48]} 30. Nf6 {[%emt 0:05:09]} Nxf6 {[%emt 0:00:16]} 31. Rxd8+ {[%emt 0:00:21]} Qxd8 {[%emt 0:00:03]} 32. exf6 {[%emt 0:00:08]} Qd5 {[%emt 0:00:36]} 33. Qxd5 {[%emt 0:02:31]} exd5 {[%emt 0:00:11]} 34. g4 {[%emt 0:00:00]} g5 {[%emt 0:00:44]} 35. f4 {[%emt 0:00:11]} gxf4 {[%emt 0:00:06]} 36. g5 {[%emt 0:00:03]} Kh7 {[%emt 0:00:20]} 37. Kf2 {[%emt 0:00:23]} d4 {[%emt 0:00:00]} 38. Kf3 {[%emt 0:05:08]} d3 {[%emt 0:00:11]} 39. b3 {[%emt 0:00:20]} Kg6 {[%emt 0:00:00]} 40. Kf2 {[%emt 0:00:42]} Kh7 {[%emt 0:00:00]} 1/2-1/2

[Event "World Junior U20 Girls 2018"]
[Site "Gebze"]
[Date "2018.09.10"]
[Round "6"]
[White "Yorgun, Yaren Naz"]
[Black "Caballero Quijano, Mitzy Mishell"]
[Result "1-0"]
[WhiteElo "1751"]
[BlackElo "2034"]
[Annotator "NA"]
[PlyCount "131"]
[EventDate "2018.09.05"]
[EventType "swiss"]
[EventCountry "TUR"]
[SourceTitle "playchess.com"]
[Source "ChessBase"]
[SourceQuality "1"]
[TimeControl "40/5400+30:1800+30"]

1. e4 {[%emt 0:00:30]} d6 {[%emt 0:00:30]} 2. d4 {[%emt 0:00:00]} g6 {[%emt 0:00:30]} 3. Nc3 {[%emt 0:00:00]} Bg7 {[%emt 0:00:00]} 4. g3 {[%emt 0:00:30]} Nf6 {[%emt 0:00:00]} 5. Bg2 {[%emt 0:00:00]} Nc6 {[%emt 0:00:30]} 6. Nge2 {[%emt 0:01:00]} e5 {[%emt 0:00:00]} 7. dxe5 {[%emt 0:05:30]} Nxe5 {[%emt 0:04:00]} 8. O-O {[%emt 0:01:30]} O-O {[%emt 0:00:30]} 9. Nf4 {[%emt 0:09:30] B07: Pirc Defence: Miscellaneous Systems} (9. h3 Re8 10. b3 Bd7 11. Bb2 b5 12. Nf4 Bc6 13. Re1 b4 14. Ncd5 Nxd5 15. exd5 Bd7 16. Rb1 Qc8 17. Kh2 Qa6 {0-1 (84) McShane,L (2640)-Onischuk,V (2637) Riadh 2017}) 9... Re8 $146 {[%emt 0:06:30]} ({Predecessor:} 9... c6 10. h3 Re8 11. Kh2 Qc7 12. a4 Nfd7 13. Nd3 a5 14. Ra2 b6 15. Re1 Ba6 16. Nxe5 dxe5 {½-½ (49) Zimmermann,M (2235)-Schulz,K (2302) Germany 2014}) 10. Nd3 {[%emt 0:05:30]} c6 {[%emt 0:02:30]} 11. Nxe5 {[%emt 0:07:30]} dxe5 {[%emt 0:00:30]} 12. Qxd8 {[%emt 0:00:30]} Rxd8 {[%emt 0:00:30]} 13. h3 {[%emt 0:00:30]} b5 {[%emt 0:02:30]} 14. Be3 {[%emt 0:03:30]} Be6 {[%emt 0:03:30]} 15. Rad1 {[%emt 0:03:30]} Nd7 {[%emt 0:02:30]} 16. Rd6 {[%emt 0:14:30]} Rdc8 {[%emt 0:00:30]} 17. Rfd1 {[%emt 0:05:30]} Nb6 {[%emt 0:00:30]} 18. b3 {[%emt 0:00:00]} Bf8 {[%emt 0:00:30]} 19. R6d3 {[%emt 0:00:00]} b4 {[%emt 0:00:30]} 20. Ne2 {[%emt 0:03:30]} c5 {[%emt 0:00:30]} 21. f4 {[%emt 0:02:30]} c4 {[%emt 0:06:30]} 22. R3d2 {[%emt 0:02:30]} f6 {[%emt 0:11:30]} 23. g4 {[%emt 0:08:30]} Bf7 {[%emt 0:00:30]} 24. g5 {[%emt 0:04:30]} fxg5 {[%emt 0:00:30]} 25. fxe5 {[%emt 0:00:30]} Re8 {[%emt 0:00:00]} 26. Bxg5 {[%emt 0:02:50]} Rxe5 {[%emt 0:00:00]} 27. Bf6 {[%emt 0:00:57]} Ree8 {[%emt 0:04:30]} 28. e5 {[%emt 0:04:00]} Rac8 {[%emt 0:00:30]} 29. Nd4 {[%emt 0:02:17]} Bc5 {[%emt 0:13:30]} 30. Kh2 $11 {[%emt 0:01:06]} Bxd4 {[%emt 0:07:30]} 31. Rxd4 {[%emt 0:00:50]} Be6 {[%emt 0:00:30]} 32. Bf3 {[%emt 0:04:30]} cxb3 {[%emt 0:02:30]} 33. cxb3 {[%emt 0:00:02]} Rc2+ {[%emt 0:00:30]} 34. R1d2 {[%emt 0:00:21]} Rxd2+ {[%emt 0:01:30]} 35. Rxd2 {[%emt 0:00:02]} Nd7 {[%emt 0:00:30]} 36. Bc6 {[%emt 0:01:54]} Nxf6 {[%emt 0:05:30]} 37. Bxe8 {[%emt 0:00:30]} Nxe8 {[%emt 0:00:30]} 38. Rd8 {[%emt 0:00:00]} Kf7 {[%emt 0:01:30]} 39. Ra8 {[%emt 0:00:12]} Bd5 {[%emt 0:00:30]} 40. Rxa7+ {[%emt 0:00:30]} Ke6 {[%emt 0:00:00]} 41. Rxh7 {[%emt 0:00:59]} Bc6 {[%emt 0:01:00]} 42. Rh4 {[%emt 0:01:30]} Kxe5 {[%emt 0:01:30]} 43. Rxb4 {[%emt 0:00:00]} Nf6 {[%emt 0:03:30]} 44. a4 {[%emt 0:03:00]} Kd5 {[%emt 0:09:30]} 45. Rb8 {[%emt 0:05:30]} Kd6 {[%emt 0:05:30]} 46. a5 {[%emt 0:02:30]} Kc7 {[%emt 0:01:30]} 47. Rf8 {[%emt 0:00:30]} Nd7 {[%emt 0:00:30]} 48. Rg8 {[%emt 0:00:30]} Be4 {[%emt 0:00:30]} 49. b4 {[%emt 0:01:30]} Kc6 {[%emt 0:00:30]} 50. Rc8+ {[%emt 0:04:30]} Kb5 {[%emt 0:00:30]} 51. Re8 {[%emt 0:02:30]} Bf5 {[%emt 0:08:30]} 52. Kg3 {[%emt 0:01:57]} Kxb4 {[%emt 0:01:30]} 53. a6 {[%emt 0:00:18]} Nb6 {[%emt 0:02:30]} 54. a7 {[%emt 0:00:15]} Kb5 {[%emt 0:03:30]} 55. a8=Q {[%emt 0:00:51]} Nxa8 {[%emt 0:00:30]} 56. Rxa8 {[%emt 0:00:30]} Kc6 {[%emt 0:00:00]} 57. Rd8 {[%emt 0:00:49]} Kc7 {[%emt 0:00:00]} 58. Rd4 {[%emt 0:00:49]} Bd7 {[%emt 0:02:30]} 59. h4 {[%emt 0:00:24]} Bf5 {[%emt 0:02:21]} 60. Kf4 {[%emt 0:00:30]} Bb1 {[%emt 0:00:00]} 61. Kg5 {[%emt 0:00:08]} Kc6 {[%emt 0:00:00]} 62. Kf6 {[%emt 0:00:18]} Kc5 {[%emt 0:00:09]} 63. Rg4 {[%emt 0:00:54]} Kd6 {[%emt 0:00:17]} 64. Rxg6 {[%emt 0:00:00]} Bxg6 {[%emt 0:00:30]} 65. Kxg6 {[%emt 0:00:29]} Ke7 {[%emt 0:00:30]} 66. Kg7 {[%emt 0:00:18]} 1-0

[Event "World Junior U20 Girls 2018"]
[Site "Gebze"]
[Date "2018.09.10"]
[Round "6"]
[White "Gur, Tuba"]
[Black "Ince, Safiye Oyku"]
[Result "0-1"]
[WhiteElo "1724"]
[BlackElo "1905"]
[Annotator "NA"]
[PlyCount "132"]
[EventDate "2018.09.05"]
[EventType "swiss"]
[EventCountry "TUR"]
[SourceTitle "playchess.com"]
[Source "ChessBase"]
[SourceQuality "1"]
[TimeControl "40/5400+30:1800+30"]

1. d4 {[%emt 0:00:30]} d5 {[%emt 0:00:30]} 2. Nf3 {[%emt 0:00:00]} Nc6 {[%emt 0:00:00]} 3. e3 {[%emt 0:01:00]} Bg4 {[%emt 0:00:00]} 4. Nbd2 {[%emt 0:00:30]} e5 {[%emt 0:00:30] D02: 1 d4 d5 2 Nf3 sidelines, including 2...Nf6 3 g3 and 2...Nf6 3 Bf4} (4... e6 5. h3 Bh5 6. c4 Nf6 7. Qb3 Rb8 8. cxd5 Nxd5 9. e4 Nde7 10. g4 Bg6 11. Qc3 h5 12. g5 {1-0 (42) Kovalenko,I (2684)-Reprintsev,A (2321) Tallinn 2016}) 5. h3 {[%emt 0:02:30]} Bxf3 {[%emt 0:01:30]} 6. Nxf3 {[%emt 0:02:30]} e4 {[%emt 0:00:00]} 7. Nd2 {[%emt 0:00:30]} f5 {[%emt 0:02:00]} 8. c4 {[%emt 0:00:30]} Nf6 {[%emt 0:00:30]} 9. Qb3 $146 {[%emt 0:00:30]} ({Predecessor:} 9. a3 g6 10. Qb3 Rb8 11. cxd5 Nxd5 12. Bc4 {1-0 (28) Flear,G (2479)-Grigoryan,M (2048) Saint Affrique 2007}) 9... Rb8 {[%emt 0:01:30]} 10. a3 {[%emt 0:04:30]} Bd6 {[%emt 0:04:30]} 11. cxd5 {[%emt 0:01:30]} Ne7 {[%emt 0:00:30]} 12. Qb5+ {[%emt 0:03:30]} Qd7 {[%emt 0:00:30]} 13. Qxd7+ {[%emt 0:04:30]} Nxd7 {[%emt 0:01:30]} 14. Nc4 {[%emt 0:00:30]} Nxd5 {[%emt 0:00:30]} 15. Nxd6+ {[%emt 0:01:30]} cxd6 {[%emt 0:00:00]} 16. Bc4 {[%emt 0:01:30]} N5b6 {[%emt 0:01:00]} 17. Be6 {[%emt 0:01:30]} Rf8 {[%emt 0:00:30]} 18. g4 {[%emt 0:01:30]} g6 {[%emt 0:00:30]} 19. gxf5 {[%emt 0:01:30]} gxf5 {[%emt 0:00:00]} 20. Rg1 {[%emt 0:06:30]} Rf6 {[%emt 0:01:00]} 21. Ba2 {[%emt 0:07:30]} Rg6 {[%emt 0:03:30]} 22. Rxg6 {[%emt 0:03:30]} hxg6 {[%emt 0:00:00]} 23. Bd2 {[%emt 0:00:30]} Rc8 {[%emt 0:00:00]} 24. Bb4 {[%emt 0:01:30]} d5 {[%emt 0:02:30]} 25. Kf1 {[%emt 0:02:30]} Nf6 {[%emt 0:02:30]} 26. Kg2 {[%emt 0:02:30]} Na4 {[%emt 0:01:30]} 27. Rb1 {[%emt 0:01:30]} Kf7 {[%emt 0:04:30]} 28. Bb3 {[%emt 0:03:30]} Nb6 {[%emt 0:00:30]} 29. Bd2 {[%emt 0:11:30]} g5 {[%emt 0:04:30]} 30. Rc1 {[%emt 0:03:30]} Rc6 {[%emt 0:04:30]} 31. Rxc6 {[%emt 0:04:30]} bxc6 {[%emt 0:00:30]} 32. Bb4 {[%emt 0:01:30]} Kg6 {[%emt 0:02:30]} 33. Bc5 {[%emt 0:02:30]} Nfd7 {[%emt 0:00:00]} 34. Bd6 {[%emt 0:01:30]} Kf6 {[%emt 0:01:00]} 35. h4 {[%emt 0:02:30]} gxh4 {[%emt 0:03:30]} 36. Kh3 {[%emt 0:00:30]} Nc8 {[%emt 0:01:30]} 37. Bb4 $14 {[%emt 0:01:20]} Kg5 {[%emt 0:00:30]} 38. Ba4 {[%emt 0:00:04]} Nb8 {[%emt 0:00:00]} 39. Bc5 {[%emt 0:01:06]} f4 {[%emt 0:01:00]} 40. b4 {[%emt 0:00:00]} Nb6 {[%emt 0:00:00]} 41. Bd1 {[%emt 0:03:00]} f3 {[%emt 0:06:00]} 42. Be7+ {[%emt 0:00:30]} Kf5 {[%emt 0:00:00]} 43. Kxh4 {[%emt 0:00:30]} Ke6 {[%emt 0:04:00]} 44. Bg5 {[%emt 0:04:30]} Nc4 {[%emt 0:00:30]} 45. a4 {[%emt 0:00:30]} Nb2 {[%emt 0:00:30]} 46. Bb3 {[%emt 0:00:00]} Nd3 {[%emt 0:00:30]} 47. Kg3 {[%emt 0:05:00]} Nxb4 {[%emt 0:00:30]} 48. a5 {[%emt 0:00:30]} Nd7 {[%emt 0:02:30]} 49. Ba4 {[%emt 0:00:30]} c5 {[%emt 0:00:00]} 50. dxc5 {[%emt 0:01:30]} Nxc5 {[%emt 0:00:00]} 51. Bb5 {[%emt 0:00:30]} a6 {[%emt 0:00:30]} 52. Bf1 {[%emt 0:00:00]} Nb7 {[%emt 0:00:30]} 53. Bf4 {[%emt 0:05:00]} Nxa5 {[%emt 0:00:30]} 54. Bh3+ {[%emt 0:00:30]} Kf7 {[%emt 0:04:30]} 55. Bd6 {[%emt 0:04:30]} Nd3 {[%emt 0:02:30]} 56. Bf1 {[%emt 0:02:30]} Nc4 {[%emt 0:00:30]} 57. Bc7 {[%emt 0:00:30]} Nc5 {[%emt 0:02:30]} 58. Kg4 {[%emt 0:03:30]} Ke6 {[%emt 0:00:30]} 59. Kf4 {[%emt 0:00:30]} Kd7 {[%emt 0:01:30]} 60. Bb8 {[%emt 0:00:00]} Nd2 {[%emt 0:00:00]} 61. Bh3+ {[%emt 0:02:00]} Kc6 {[%emt 0:01:00]} 62. Ba7 {[%emt 0:00:00]} Nd3+ {[%emt 0:00:30]} 63. Kg3 {[%emt 0:00:00]} a5 {[%emt 0:00:30]} 64. Bd4 {[%emt 0:00:30]} a4 {[%emt 0:00:30]} 65. Bc3 {[%emt 0:00:30]} Nb3 {[%emt 0:00:30]} 66. Bf1 {[%emt 0:00:30]} a3 {[%emt 0:01:30]} 0-1

[Event "World Junior U20 Girls 2018"]
[Site "Gebze"]
[Date "2018.09.10"]
[Round "6"]
[White "Incecik, Seyma Zeynep"]
[Black "Koljevic, Nikolina"]
[Result "1/2-1/2"]
[WhiteElo "1716"]
[BlackElo "1898"]
[Annotator "NA"]
[PlyCount "88"]
[EventDate "2018.09.05"]
[EventType "swiss"]
[EventCountry "TUR"]
[SourceTitle "playchess.com"]
[Source "ChessBase"]
[SourceQuality "1"]
[TimeControl "40/5400+30:1800+30"]

1. e4 {[%emt 0:00:30]} c5 {[%emt 0:00:30]} 2. d4 {[%emt 0:00:30]} cxd4 {[%emt 0:00:30]} 3. c3 {[%emt 0:00:30]} dxc3 {[%emt 0:00:00]} 4. Nxc3 {[%emt 0:00:30]} Nc6 {[%emt 0:00:00]} 5. Nf3 {[%emt 0:00:00]} e6 {[%emt 0:00:30]} 6. Bc4 {[%emt 0:00:00]} a6 {[%emt 0:00:00]} 7. a4 {[%emt 0:00:30]} Bc5 {[%emt 0:00:00]} 8. Bf4 {[%emt 0:03:30]} Nge7 {[%emt 0:00:30]} 9. O-O {[%emt 0:02:30]} O-O {[%emt 0:00:30]} 10. Qe2 {[%emt 0:10:30]} Ng6 {[%emt 0:04:30]} 11. Bg3 {[%emt 0:03:30]} Qb6 {[%emt 0:10:30]} 12. Rad1 {[%emt 0:13:30]} (12. Rfd1 $11) 12... h6 {[%emt 0:04:30]} 13. Bd6 {[%emt 0:12:30]} Bxd6 {[%emt 0:05:30]} 14. Rxd6 {[%emt 0:00:00]} Qc5 {[%emt 0:03:30]} 15. Rfd1 {[%emt 0:03:00]} Nf4 {[%emt 0:07:30]} 16. Qf1 $17 {[%emt 0:09:30]} f5 {[%emt 0:12:30]} 17. R6d2 {[%emt 0:12:30]} Qb4 {[%emt 0:18:30]} 18. e5 {[%emt 0:09:05]} Qc5 {[%emt 0:05:30]} 19. Re1 {[%emt 0:00:39]} Ng6 {[%emt 0:01:30]} 20. Qe2 {[%emt 0:01:35]} Nf4 {[%emt 0:02:30]} 21. Qf1 {[%emt 0:00:17]} g5 {[%emt 0:01:30]} 22. h3 {[%emt 0:10:03]} Kh7 {[%emt 0:04:58]} 23. Ba2 {[%emt 0:01:34]} Nb4 {[%emt 0:01:57]} 24. Qc4 {[%emt 0:00:42]} Qe7 {[%emt 0:01:13]} 25. Bb1 {[%emt 0:00:22]} Nbd5 {[%emt 0:01:11]} 26. Nd4 {[%emt 0:01:14]} Kh8 {[%emt 0:02:29]} 27. Nxd5 {[%emt 0:02:01]} Nxd5 {[%emt 0:00:30]} 28. Nxf5 {[%emt 0:00:30]} exf5 {[%emt 0:00:30]} 29. Qxd5 {[%emt 0:00:30]} Rb8 {[%emt 0:00:30]} 30. Qd6 {[%emt 0:00:30]} Qxd6 {[%emt 0:00:30]} 31. Rxd6 {[%emt 0:00:30]} Kg7 {[%emt 0:00:30]} 32. a5 {[%emt 0:00:30]} Rf7 {[%emt 0:00:30]} 33. g3 {[%emt 0:00:30]} g4 {[%emt 0:07:06]} 34. h4 {[%emt 0:00:43]} b6 {[%emt 0:00:59]} 35. axb6 {[%emt 0:00:22]} Bb7 {[%emt 0:00:21]} 36. Red1 {[%emt 0:00:28]} Bf3 {[%emt 0:01:47]} 37. R1d2 {[%emt 0:00:14]} Re8 {[%emt 0:01:02]} 38. Rxd7 {[%emt 0:01:33]} Rxe5 {[%emt 0:00:00]} 39. Rxf7+ {[%emt 0:01:22]} Kxf7 {[%emt 0:00:30]} 40. Ba2+ {[%emt 0:00:30]} Ke7 {[%emt 0:00:30]} 41. Bc4 {[%emt 0:30:30]} Re1+ {[%emt 0:30:30]} 42. Bf1 {[%emt 0:00:00]} Rb1 {[%emt 0:00:00]} 43. Rc2 {[%emt 0:00:00]} Kd6 {[%emt 0:00:00]} 44. b4 {[%emt 0:00:00]} Ke5 {[%emt 0:00:00]} 1/2-1/2

[Event "World Junior U20 Girls 2018"]
[Site "Gebze"]
[Date "2018.09.10"]
[Round "6"]
[White "Esti, Kubra Selenay"]
[Black "Celik, Eda"]
[Result "0-1"]
[WhiteElo "1662"]
[BlackElo "1970"]
[Annotator "NA"]
[PlyCount "112"]
[EventDate "2018.09.05"]
[EventType "swiss"]
[EventCountry "TUR"]
[SourceTitle "playchess.com"]
[Source "ChessBase"]
[SourceQuality "1"]
[TimeControl "40/5400+30:1800+30"]

1. d4 {[%emt 0:00:30]} Nf6 {[%emt 0:00:30]} 2. Bf4 {[%emt 0:00:00]} d5 {[%emt 0:00:00]} 3. e3 {[%emt 0:00:00]} c5 {[%emt 0:01:00]} 4. c3 {[%emt 0:00:30]} Nc6 {[%emt 0:00:00]} 5. Nd2 {[%emt 0:00:30] D00: 1 d4 d5: Unusual lines} Bf5 {[%emt 0:09:00]} 6. Qb3 {[%emt 0:03:30]} (6. Ngf3 e6 7. Be2 Bd6 8. dxc5 Bxc5 9. Nd4 Bg6 10. Qa4 O-O 11. Nxc6 bxc6 12. Qxc6 Rc8 13. Qa4 Re8 14. O-O e5 {0-1 (57) Le,Q (2737)-Ding,L (2777) Riadh 2017}) 6... Qd7 {[%emt 0:00:30]} 7. Ngf3 {[%emt 0:07:30]} cxd4 {[%emt 0:31:30]} 8. Ne5 $146 {[%emt 0:16:30]} ({Predecessor:} 8. exd4 a6 9. Nh4 Bg6 10. Be2 e6 11. O-O Be7 12. Nxg6 hxg6 {0-1 (43) Pinero Fernandez,X (2218)-Samant,A (2191) Barcelona 2018}) 8... Nxe5 {[%emt 0:02:30]} 9. Bxe5 {[%emt 0:00:30]} a6 {[%emt 0:00:30]} 10. Bxd4 {[%emt 0:11:30]} e6 {[%emt 0:08:30]} 11. c4 {[%emt 0:07:30]} Ne4 {[%emt 0:06:30]} 12. Nxe4 {[%emt 0:09:30]} Bxe4 {[%emt 0:00:30]} 13. f3 {[%emt 0:05:30]} Bg6 {[%emt 0:06:30]} 14. cxd5 {[%emt 0:07:30]} Qxd5 {[%emt 0:09:30]} 15. Qxd5 {[%emt 0:10:01]} exd5 {[%emt 0:00:00]} 16. Rc1 {[%emt 0:04:08]} Kd7 {[%emt 0:02:21]} 17. Kd2 {[%emt 0:06:28]} Bb4+ {[%emt 0:00:59]} 18. Bc3 {[%emt 0:00:27]} Bxc3+ {[%emt 0:00:34]} 19. Rxc3 {[%emt 0:00:26]} Rac8 {[%emt 0:01:48]} 20. Bd3 {[%emt 0:01:01]} Rxc3 {[%emt 0:04:28]} 21. Kxc3 {[%emt 0:00:51]} Rc8+ {[%emt 0:00:57]} 22. Kd2 {[%emt 0:00:58]} Bxd3 {[%emt 0:03:23]} 23. Kxd3 {[%emt 0:00:02]} Kd6 {[%emt 0:03:45]} 24. Re1 {[%emt 0:02:01]} f5 {[%emt 0:02:32]} 25. Rd1 {[%emt 0:02:01]} Ke5 {[%emt 0:03:02]} 26. Re1 {[%emt 0:01:24]} b5 {[%emt 0:01:19]} 27. h3 {[%emt 0:01:35]} g5 {[%emt 0:00:38]} 28. g3 {[%emt 0:00:42]} Rc4 {[%emt 0:00:39]} 29. b3 {[%emt 0:00:49]} Rc7 {[%emt 0:00:17]} 30. f4+ {[%emt 0:00:33]} gxf4 {[%emt 0:00:44]} 31. exf4+ {[%emt 0:00:17]} Kd6 {[%emt 0:00:53]} 32. Re5 {[%emt 0:00:29]} Rg7 {[%emt 0:00:00]} 33. Re3 {[%emt 0:00:42]} Kc5 {[%emt 0:00:31]} 34. a3 {[%emt 0:00:19]} a5 {[%emt 0:00:22]} 35. h4 {[%emt 0:00:44]} b4 {[%emt 0:00:43]} 36. a4 {[%emt 0:00:29]} Rg6 {[%emt 0:00:29]} 37. Kd2 {[%emt 0:00:30]} h5 {[%emt 0:00:32]} 38. Kd3 {[%emt 0:00:19]} Rg8 {[%emt 0:00:27]} 39. Kd2 {[%emt 0:00:36]} Kd4 {[%emt 0:00:58]} 40. Rd3+ {[%emt 0:00:00]} Ke4 {[%emt 0:00:34]} 41. Re3+ {[%emt 0:01:38]} Kd4 {[%emt 0:30:30]} 42. Rd3+ {[%emt 0:00:00]} Kc5 {[%emt 0:00:00]} 43. Re3 {[%emt 0:06:00]} Rg7 {[%emt 0:00:00]} 44. Kd3 {[%emt 0:01:30]} Rg6 {[%emt 0:00:00]} 45. Kd2 {[%emt 0:01:30]} Kd6 {[%emt 0:00:00]} 46. Rf3 $19 {[%emt 0:15:02]} (46. Kc2 $11 {and White has nothing to worry.}) 46... d4 {[%emt 0:00:00]} 47. Rf1 {[%emt 0:04:40]} Rxg3 {[%emt 0:00:00]} 48. Re1 {[%emt 0:00:12]} Rxb3 {[%emt 0:00:00]} 49. Re5 {[%emt 0:00:13]} Rh3 {[%emt 0:00:00]} 50. Rxa5 {[%emt 0:02:57]} Rxh4 {[%emt 0:00:00]} 51. Rxf5 {[%emt 0:00:32]} Rh1 {[%emt 0:00:00]} 52. Rb5 {[%emt 0:01:18]} h4 {[%emt 0:00:00]} 53. Ke2 {[%emt 0:01:25]} d3+ {[%emt 0:00:00]} 54. Kxd3 {[%emt 0:00:57]} h3 {[%emt 0:00:11]} 55. Rh5 {[%emt 0:00:36]} h2 {[%emt 0:00:30]} 56. Rh6+ {[%emt 0:00:00]} Ke7 {[%emt 0:00:32]} 0-1

[Event "World Junior U20 Girls 2018"]
[Site "Gebze"]
[Date "2018.09.10"]
[Round "6"]
[White "Anandpara Jayendra Saloni"]
[Black "Nemcova, Karin"]
[Result "0-1"]
[WhiteElo "1326"]
[BlackElo "1990"]
[Annotator "NA"]
[PlyCount "90"]
[EventDate "2018.09.05"]
[EventType "swiss"]
[EventCountry "TUR"]
[SourceTitle "playchess.com"]
[Source "ChessBase"]
[SourceQuality "1"]
[TimeControl "40/5400+30:1800+30"]

1. d4 {[%emt 0:00:30]} g6 {[%emt 0:00:30]} 2. Bf4 {[%emt 0:00:00]} Bg7 {[%emt 0:00:30]} 3. e3 {[%emt 0:00:00]} d6 {[%emt 0:00:30]} 4. h3 {[%emt 0:00:00]} Nd7 {[%emt 0:00:00]} 5. Nf3 {[%emt 0:00:00]} e5 {[%emt 0:00:00]} 6. Bh2 {[%emt 0:00:30]} Ne7 {[%emt 0:00:00]} 7. Be2 {[%emt 0:00:30] A41: Moderne Verteidigung gegen 1.d4 (mit oder ohne späterem e2-e4 und Sf6)} O-O {[%emt 0:00:00]} 8. Nbd2 {[%emt 0:02:30]} Nf5 {[%emt 0:00:30]} 9. c3 {[%emt 0:02:30]} Qe7 {[%emt 0:01:30]} 10. g4 $146 {[%emt 0:07:30]} ({Vorgänger:} 10. dxe5 dxe5 11. Qc2 b6 12. O-O Bb7 13. Ne4 Nd6 14. Nxd6 cxd6 {0-1 (54) Sergeev,V (2526)-Laznicka,V (2701) Czechia 2012}) 10... Nh4 {[%emt 0:01:30]} 11. Nxh4 {[%emt 0:01:30]} Qxh4 {[%emt 0:00:30]} 12. Bg3 {[%emt 0:00:30]} Qe7 {[%emt 0:01:30]} 13. Qc2 {[%emt 0:12:30]} Nb6 {[%emt 0:08:30]} 14. Bf3 {[%emt 0:07:30]} (14. dxe5 $11 dxe5 15. Nf3) 14... exd4 {[%emt 0:07:30]} 15. cxd4 {[%emt 0:00:30]} Bxd4 {[%emt 0:01:30]} 16. Kf1 {[%emt 0:01:30]} Bg7 {[%emt 0:01:30]} 17. Rc1 {[%emt 0:01:30]} c6 {[%emt 0:04:30]} 18. h4 {[%emt 0:06:30]} d5 {[%emt 0:09:30]} 19. h5 {[%emt 0:06:30]} Qb4 {[%emt 0:02:30]} 20. Rb1 {[%emt 0:10:30]} Bxg4 {[%emt 0:00:30]} 21. Bxg4 {[%emt 0:01:30]} Qxg4 {[%emt 0:00:30]} 22. h6 {[%emt 0:00:00]} Bh8 {[%emt 0:01:30]} 23. b3 {[%emt 0:05:00]} Rad8 $19 {[%emt 0:06:30]} 24. Rh4 {[%emt 0:05:30]} Qe6 {[%emt 0:05:30]} 25. Nf3 {[%emt 0:01:30]} f5 {[%emt 0:01:30]} 26. Rd1 {[%emt 0:06:30]} Bf6 {[%emt 0:06:30]} 27. Rh2 {[%emt 0:00:30]} Qe4 {[%emt 0:00:30]} 28. Qe2 {[%emt 0:01:26]} Rfe8 {[%emt 0:03:30]} 29. Bh4 {[%emt 0:01:08]} Qe7 {[%emt 0:01:30]} 30. Bxf6 {[%emt 0:03:29]} Qxf6 {[%emt 0:00:30]} 31. Qd2 {[%emt 0:01:17]} Re4 {[%emt 0:01:30]} 32. Rg2 {[%emt 0:06:51]} Nd7 {[%emt 0:07:30]} 33. Ng5 {[%emt 0:00:18]} Rh4 {[%emt 0:01:30]} 34. Nf3 {[%emt 0:00:10]} Rxh6 {[%emt 0:02:30]} 35. Qd4 {[%emt 0:00:50]} Rh1+ {[%emt 0:01:30]} 36. Rg1 {[%emt 0:01:44]} Qxd4 {[%emt 0:00:30]} 37. Nxd4 {[%emt 0:02:06]} Rxg1+ {[%emt 0:00:30]} 38. Kxg1 {[%emt 0:00:00]} Re8 {[%emt 0:00:30]} 39. Kg2 {[%emt 0:01:31]} Kg7 {[%emt 0:00:00]} 40. Nf3 {[%emt 0:00:53]} Ne5 {[%emt 0:00:00]} 41. Nxe5 {[%emt 0:01:17]} Rxe5 {[%emt 0:01:30]} 42. Kf3 {[%emt 0:00:30]} g5 {[%emt 0:00:30]} 43. Rg1 {[%emt 0:00:30]} Kf6 {[%emt 0:01:30]} 44. Rh1 {[%emt 0:01:30]} Kg6 {[%emt 0:00:30]} 45. a4 {[%emt 0:00:30]} h5 {[%emt 0:00:00]} 0-1